000 01005nam a22002657a 4500
001 BD-DhSAU 9278
003 BD-DhSAU
005 20260127170607.0
008 150613b2018 bg a|||| m||| 00| 0 eng d
040 _aBD-DhSAU
082 _222
_a635
_bM65
100 _aPARVIN, MIM MONJURA
_eRegistration # 17-07781
245 _aEffect of growing substrate on the growth and yield of tomato in soilless system /
_bMS thesis
260 _aSher-e-Bangla Agricultural University :
_bDepartment of Horticulture,
_c2024.
300 _ax, 96p. :
_bill. ;
_c30 cm.
500 _aMS thesis of Department of Horticulture, Faculty of Agriculture, Sher-e-Bangla Agricultural University, Dhaka, Bangladesh
504 _aIncludes bibliographical reference.
590 _aNazmul
650 _agrowing substrate
650 _atomato in soilless system
700 _aProf. Dr. Md. Jahedur Rahman
_eSuperviser
700 _aProf. Dr. Mohammad Humayun Kabir
_eCo-superviser
942 _2ddc
_cTHESIS
999 _c18241
_d18240